000 01042cad a22002535a 4500
001 E152088
008 110131s2010 xxk f 100 0 eng d
020 _a9781842196199
035 _a(Sirsi) u152088
041 0 _aeng
100 1 _aBala, K.
111 2 _aConstruction and Building Research Conference
_cDauphine Universite, Paris
_d2-3 September 2010
245 0 0 _aSustainability of timber buildings in the guinea savanna region of Nigeria
_bevaluating influences of bio-deteriorating micro-organisms
_h[electronic resource]
260 _aLondon
_bRICS
_c2010
520 _aA paper presented at the COBRA Conference in Paris on 2-3 September 2010.
590 _aKA
650 2 4 _aCONSTRUCTION AND BUILDING RESEARCH CONFERENCE (COBRA)
651 4 _aNigeria
690 _aBUILT ENVIRONMENT-BUILDING MATERIALS-TIMBER-TIMBER AND WOOD
700 _aBustani, S. A.
700 1 _aMshelgaru, I. H.
856 4 0 _uhttps://www.rics.org/site/scripts/download_info.aspx?fileID=8088&categoryID=720
_zBroken link - not available
942 _n0
999 _c111846
_d111846